|
|
|
|
| LEADER |
02856nam a22005775i 4500 |
| 001 |
978-3-540-88829-1 |
| 003 |
DE-He213 |
| 005 |
20151204170123.0 |
| 007 |
cr nn 008mamaa |
| 008 |
110414s2009 gw | s |||| 0|eng d |
| 020 |
|
|
|a 9783540888291
|9 978-3-540-88829-1
|
| 024 |
7 |
|
|a 10.1007/978-3-540-88829-1
|2 doi
|
| 040 |
|
|
|d GrThAP
|
| 050 |
|
4 |
|a TH1-9745
|
| 072 |
|
7 |
|a KJMV4
|2 bicssc
|
| 072 |
|
7 |
|a BUS093000
|2 bisacsh
|
| 082 |
0 |
4 |
|a 658.2
|2 23
|
| 100 |
1 |
|
|a Merz, Hermann.
|e author.
|
| 245 |
1 |
0 |
|a Building Automation
|h [electronic resource] :
|b Communication systems with EIB/KNX, LON und BACnet /
|c by Hermann Merz, Thomas Hansemann, Christof Hübner.
|
| 264 |
|
1 |
|a Berlin, Heidelberg :
|b Springer Berlin Heidelberg,
|c 2009.
|
| 300 |
|
|
|a X, 282 p. 212 illus.
|b online resource.
|
| 336 |
|
|
|a text
|b txt
|2 rdacontent
|
| 337 |
|
|
|a computer
|b c
|2 rdamedia
|
| 338 |
|
|
|a online resource
|b cr
|2 rdacarrier
|
| 347 |
|
|
|a text file
|b PDF
|2 rda
|
| 490 |
1 |
|
|a Signals and Communication Technology,
|x 1860-4862
|
| 505 |
0 |
|
|a to Building Automation -- The Basics of Industrial Communication Technology -- Konnex -- Building Automation with LonWorks® -- BACnet.
|
| 520 |
|
|
|a Building Automation Modern buildings are increasingly equipped with actuators and sensors, communication, visualization and control systems. This textbook provides an overview of industrial communication systems and stimulates a basic understanding of network and bus systems for the automation of buildings. After an introduction to EIB/KNX, LON und BACnet technologies, the authors illustrate how these systems can be utilized for specific applications, like air conditioning or illumination. This book assumes only a basic knowledge of mathematics and thanks to its simple explanations and many examples is ideal for students and professional engineers who require practical solutions.
|
| 650 |
|
0 |
|a Engineering.
|
| 650 |
|
0 |
|a Computer communication systems.
|
| 650 |
|
0 |
|a Buildings
|x Design and construction.
|
| 650 |
|
0 |
|a Building.
|
| 650 |
|
0 |
|a Construction.
|
| 650 |
|
0 |
|a Engineering, Architectural.
|
| 650 |
|
0 |
|a Facility management.
|
| 650 |
|
0 |
|a Electrical engineering.
|
| 650 |
1 |
4 |
|a Engineering.
|
| 650 |
2 |
4 |
|a Facility Management.
|
| 650 |
2 |
4 |
|a Computer Communication Networks.
|
| 650 |
2 |
4 |
|a Communications Engineering, Networks.
|
| 650 |
2 |
4 |
|a Building Construction.
|
| 650 |
2 |
4 |
|a Information Systems Applications (incl. Internet).
|
| 700 |
1 |
|
|a Hansemann, Thomas.
|e author.
|
| 700 |
1 |
|
|a Hübner, Christof.
|e author.
|
| 710 |
2 |
|
|a SpringerLink (Online service)
|
| 773 |
0 |
|
|t Springer eBooks
|
| 776 |
0 |
8 |
|i Printed edition:
|z 9783540888284
|
| 830 |
|
0 |
|a Signals and Communication Technology,
|x 1860-4862
|
| 856 |
4 |
0 |
|u http://dx.doi.org/10.1007/978-3-540-88829-1
|z Full Text via HEAL-Link
|
| 912 |
|
|
|a ZDB-2-ENG
|
| 950 |
|
|
|a Engineering (Springer-11647)
|